Central Library and Information Centre
Sibsagar Girls' College, Sivasagar : Assam

A MANUAL OF PRACTICAL ZOOLOGY CHORDATES (Record no. 3702)

MARC details
000 -LEADER
fixed length control field 00407cam a2200169ua 4500
008 - FIXED-LENGTH DATA ELEMENTS--GENERAL INFORMATION
fixed length control field 131204n1988 II |||gr||||Z||||||eng
040 ## - CATALOGING SOURCE
Original cataloging agency MAIN
041 ## - LANGUAGE CODE
-- English
082 ## - DEWEY DECIMAL CLASSIFICATION NUMBER
Classification number 590 VER
100 ## - MAIN ENTRY--PERSONAL NAME
Personal name VERMA, P. S.
245 ## - TITLE STATEMENT
Title A MANUAL OF PRACTICAL ZOOLOGY CHORDATES
260 ## - PUBLICATION, DISTRIBUTION, ETC.
Place of publication, distribution, etc. NEW DELHI
Name of publisher, distributor, etc. S.CHAND & COMPANY
Date of publication, distribution, etc. 1988
300 ## - PHYSICAL DESCRIPTION
Extent 632:
Dimensions 24CM.
942 ## - ADDED ENTRY ELEMENTS (KOHA)
Koha item type Books
653 ## - INDEX TERM--UNCONTROLLED
Uncontrolled term Animals (Zoology)
Holdings
Withdrawn status Lost status Damaged status Not for loan Collection code Home library Current library Shelving location Date acquired Full call number Barcode Date last seen Copy number Price effective from Koha item type Public note Total Checkouts Date last checked out
        TBZOO Central Library and Information Centre Sibsagar Girls College Central Library and Information Centre Sibsagar Girls College ZOOLOGY BOOK RACK 07.03.1985 590 VER 11965 27.02.2020 1 27.02.2020 Books V    
        TBZOO Central Library and Information Centre Sibsagar Girls College Central Library and Information Centre Sibsagar Girls College ZOOLOGY BOOK RACK 07.03.1985 590 VER 11966 27.02.2020 2 27.02.2020 Books V    
        TBZOO Central Library and Information Centre Sibsagar Girls College Central Library and Information Centre Sibsagar Girls College ZOOLOGY BOOK RACK 07.03.1985 590 VER 11967 05.05.2025 3 27.02.2020 Books V 3 12.04.2025


Sibsagar Girl's College © 2020. All rights reserved.
Powered by Koha.
Maintained by Abhijit Borpuzari.